000 00471nam a2200157 i 4500
001 96511
003 ES-MaACL
005 20230906181927.0
007 t|
008 050627s1962 sp ||||1| spa d
100 1 _aMaldonado Parilli, Jorge.
_975735
245 1 0 _aYo luche contra el delito /
_cJorge Maldonado Parilli.
260 _aMadrid :
_bAfrodisio Aguado,
_c1962.
300 _a487 p., 27 lám. :
_b1 gráf. pleg. ;
_c23 cm.
852 _aES-MaACL
_jC-21397
_bR.49904
999 _c96511
_d96511